00245nam a22000857a 4500082001700000100002200017245008300039260002700122300001000149 aTNC T39 As39 aAshworth, William aThe short history of the international economy 1850- 1950cby William Ashworth aLondonbLongmansc1952 a256p.